000 01037cam a22003257a 4500
003 CHAP
005 20220329140529.0
008 971013c19731971 r 00010 d
010 _a53421
011 _a54393
035 _a58544
040 _cCHAP
082 _a150.182
_bW4
100 0 0 _aWelkowitz, Joan.
_9121425
245 0 _aIntroductory statistics for the behavioral sciences
_cby Joan Welkowitz
260 _aNew York :
_bAcademic Press,
_c1973 (c.1971)
300 _a271 p.
590 _aBATCH-UPD
_b10
_c20130110
_lUCH01
_h0035
590 _aBATCH-UPD
_b10
_c20130110
_lUCH01
_h0806
590 _aBATCH-UPD
_b10
_c20130410
_lUCH01
_h0444
590 _aBATCH-UPD
_b10
_c20130914
_lUCH01
_h0957
590 _aCONVERSION
_b10
_c20130109
_lUCH01
_h1329
650 1 4 _aEstadística.
_938241
650 1 4 _aPsicología
_xMétodos estadísticos.
_992606
700 0 _aCohen, Jacob.
_924372
700 0 _aEwen, Robert B.
_939016
901 _aBK
942 _cLIBRO
949 _a150.182 W4
_bBC
_cLIBRO
_d33724000231494
_eLIBRO
_h32950
_i58544
_si
999 _c53421
_d53421